000 00728nam a22002177a 4500
003 UA-OsUOA
001 71874
007 ta
008 20101213b un ||||| |||| 00| 0 ukr d
100 _aТанрнашинська Л.
090 _a32
_bТ18
942 _cSA
040 _aUA-OsUOA
_bukr
_cUA-OsUOA
_dUA-OsUOA
245 _aІван Дзюба на тлі "непроминального минулого" У вересні-грудні 1965 року було написано трактат Івана Дзюби "Інтернаціоналізм чи русифікація"
300 _aС.8
955 _a0
041 _aukr
080 _a32
773 0 _w71873
650 7 _a32 Політика
_2UDC
999 _c358287
_d358287